Stadt und Landkreis Göttingen - Statistiken

Allgemein
  • Dieses Quiz wurde 71 mal gespielt
  • Das Durchschnittsergebnis liegt bei 16 aus 46
Antworten auf der Karte
Die Antworten werden auf der Karte rot bzw. grün angezeigt, abhängig davon wie oft sie richtig erraten wurden.
 
Antwortstatistiken
Group Antwort % Korrekt
Stadt Göttingen Weende
81%
Stadt Göttingen Geismar
78%
Landkreis Göttingen Bovenden
67%
Landkreis Göttingen Duderstadt
67%
Stadt Göttingen Grone
67%
Landkreis Göttingen Hannoversch Münden
61%
Stadt Göttingen Innenstadt
61%
Stadt Göttingen Nikolausberg
61%
Stadt Göttingen Südstadt
59%
Stadt Göttingen Weststadt
59%
Stadt Göttingen Oststadt
57%
Stadt Göttingen Nordstadt
52%
Landkreis Göttingen Rosdorf
52%
Landkreis Göttingen Dransfeld
50%
Landkreis Göttingen Adelebsen
48%
Stadt Göttingen Elliehausen
48%
Landkreis Göttingen Friedland
46%
Stadt Göttingen Roringen
44%
Landkreis Göttingen Gleichen
41%
Stadt Göttingen Groß Ellershausen
41%
Stadt Göttingen Holtensen
41%
Stadt Göttingen Herberhausen
31%
Stadt Göttingen Hetjershausen
31%
Landkreis Göttingen Ebergötzen
30%
Stadt Göttingen Esebeck
30%
Landkreis Göttingen Waake
28%
Landkreis Göttingen Gieboldehausen
24%
Landkreis Göttingen Seeburg
24%
Stadt Göttingen Knutbühren
22%
Landkreis Göttingen Staufenberg
22%
Landkreis Göttingen Bilshausen
20%
Landkreis Göttingen Seulingen
19%
Landkreis Göttingen Bodensee
17%
Stadt Göttingen Deppoldshausen
15%
Landkreis Göttingen Jühnde
15%
Landkreis Göttingen Krebeck
15%
Landkreis Göttingen Landolfshausen
15%
Landkreis Göttingen Rollshausen
13%
Landkreis Göttingen Scheden
13%
Landkreis Göttingen Obernfeld
11%
Landkreis Göttingen Wollershausen
11%
Landkreis Göttingen Bühren
9%
Landkreis Göttingen Wollbrandshausen
9%
Landkreis Göttingen Niemetal
7%
Landkreis Göttingen Rüdershausen
7%
Landkreis Göttingen Rhumspringe
6%
Keine übereinstimmenden Quizze gefunden
Verteilung der Resultate
Anzahl Personen mit jedem Resultat
Perzentil nach korrekt beantworteten Fragen
Ihre Resultats-Entwicklung
Sie haben dieses Quiz noch nicht gespielt